000 00322nam a2200133Ia 4500
008 190216s9999||||xx |||||||||||||| ||und||
100 _aKunhan Nair. P.G And Sreedharan K.S
245 0 _aPhysics Pre Degree
250 _a1st Ed.
260 _bNational Publications
300 _a604 p
650 _aPhysics
942 _cBK
999 _c32814
_d32814